000 00507nam a2200193 a 4500
005 20140412111250.0
008 010330s19uu xx 00 eng d
020 _a0-8136-7280-5
050 _aBB 535
_bW34 1993
100 _aWalker, Colin
245 _aLight /
_cwritten by Colin Walker.
250 _a2nd Edition
260 _aCleveland, Ohio :
_bModern Curriculum Press,
_c1993.
300 _a16 p. ; ill.
440 _aConcept Science
650 _aScience
650 _aEnergy
999 _c103101
_d103101